The Urban World

Uložené v:
Podrobná bibliografia
Hlavný autor: Palen, J.J (Autor)
Médium: Kniha
Jazyk:English
Vydavateľské údaje: New York : McGraw-Hill, 1987
Vydanie:3. vyd.
Predmet:
Tagy: Pridať tag
Žiadne tagy, Buďte prvý, kto otaguje tento záznam!

MARC

LEADER 00000nam a22000003a 4500
001 stu11235
005 20150617225804.8
008 950313s1987----xxu-----------------eng-d
020 |a 0070481113 
040 |a STU  |b slo 
041 0 |a eng 
044 |a xxu 
100 1 |a Palen, J.J  |4 aut 
245 1 |a The Urban World 
250 |a 3. vyd. 
260 |a New York :  |b McGraw-Hill,  |c 1987 
300 |a 482 s 
650 7 |a urbanizmus  |2 stusub 
650 7 |a vývoj stavby miest  |2 stusub 
996 |b 284AU00758  |c A*1916 U  |l AAKNAR  |s A  |a 24  |w stu11235_0001